Nanotechnology applications to telecommunications and networking (Record no. 8162)
[ view plain ]
| 000 -LEADER | |
|---|---|
| fixed length control field | 00988 a2200241 4500 |
| 020 ## - INTERNATIONAL STANDARD BOOK NUMBER | |
| International Standard Book Number | 0471716391 (cloth) |
| 020 ## - INTERNATIONAL STANDARD BOOK NUMBER | |
| International Standard Book Number | 9780471716396 (cloth) |
| 024 3# - OTHER STANDARD IDENTIFIER | |
| Standard number or code | 9780471716396 |
| 035 ## - SYSTEM CONTROL NUMBER | |
| System control number | (OCoLC)ocm57373680 |
| 040 ## - CATALOGING SOURCE | |
| Original cataloging agency | DLC |
| Language of cataloging | DLC |
| 082 00 - DEWEY DECIMAL CLASSIFICATION NUMBER | |
| Classification number | 621.382 |
| 100 1# - MAIN ENTRY--PERSONAL NAME | |
| Personal name | Minoli, Daniel, |
| 245 10 - TITLE STATEMENT | |
| Title | Nanotechnology applications to telecommunications and networking |
| Statement of responsibility, etc. | Daniel Minoli. |
| 260 ## - PUBLICATION, DISTRIBUTION, ETC. | |
| Place of publication, distribution, etc. | Hoboken, N.J. : |
| Name of publisher, distributor, etc. | Wiley-Interscience, |
| Date of publication, distribution, etc. | c2006. |
| 300 ## - PHYSICAL DESCRIPTION | |
| Extent | xix, 487 p. : |
| Other physical details | ill. ; |
| Dimensions | 25 cm. |
| 650 #0 - SUBJECT ADDED ENTRY--TOPICAL TERM | |
| Topical term or geographic name entry element | Telecommunication |
| General subdivision | Equipment and supplies. |
| 650 #0 - SUBJECT ADDED ENTRY--TOPICAL TERM | |
| Topical term or geographic name entry element | Computer networks |
| General subdivision | Equipment and supplies. |
| 650 #0 - SUBJECT ADDED ENTRY--TOPICAL TERM | |
| Topical term or geographic name entry element | Nanotechnology. |
| 856 42 - ELECTRONIC LOCATION AND ACCESS | |
| Materials specified | Publisher description |
| Uniform Resource Identifier | <a href="http://www.loc.gov/catdir/enhancements/fy0645/2004063825-d.html">http://www.loc.gov/catdir/enhancements/fy0645/2004063825-d.html</a> |
| 856 42 - ELECTRONIC LOCATION AND ACCESS | |
| Materials specified | Table of contents only |
| Uniform Resource Identifier | <a href="http://www.loc.gov/catdir/enhancements/fy0645/2004063825-t.html">http://www.loc.gov/catdir/enhancements/fy0645/2004063825-t.html</a> |
| 856 42 - ELECTRONIC LOCATION AND ACCESS | |
| Materials specified | Contributor biographical information |
| Uniform Resource Identifier | <a href="http://www.loc.gov/catdir/enhancements/fy0645/2004063825-b.html">http://www.loc.gov/catdir/enhancements/fy0645/2004063825-b.html</a> |
| 942 ## - ADDED ENTRY ELEMENTS (KOHA) | |
| Koha item type | Book |
| Call number prefix | 621.382 MIN |
| Source of classification or shelving scheme | |
| Withdrawn status | Lost status | Damaged status | Not for loan | Collection code | Permanent Location | Current Location | Shelving location | Date acquired | Source of acquisition | Cost, normal purchase price | Total Checkouts | Full call number | Barcode | Date last seen | Price effective from | Koha item type |
|---|---|---|---|---|---|---|---|---|---|---|---|---|---|---|---|---|
| Central Library (CL) | Central Library (CL) | General Stacks | 04/23/2007 | A & J Def Tek Concultants | 6104.24 | 621.382 MIN | SEECS008424 | 11/14/2012 | 01/05/2017 | Book | ||||||
| Central Library (CL) | Central Library (CL) | General Stacks | 03/22/2006 | Allied Book Company | 5641.70 | 621.382 MIN | SEECS007148 | 11/14/2012 | 01/05/2017 | Book |
